Centrales Termoeléctricas

Bibliographic Details
Main Author: Rizhkin, V. Ya
Format: Section = Libro
Language:Undetermined
Spanish
Published: Cuba Pueblo y Educación 1985
Subjects:
LEADER 00431nam a2200169Ia 4500
008 240830s9999 xx 000 0 und d
040 |a B-ESTELÍ- RUACS / 621.243 R627 
041 |a spa 
082 |a 621.243 R627 
100 1 |a Rizhkin, V. Ya 
245 1 0 |a Centrales Termoeléctricas 
260 |a Cuba  |b Pueblo y Educación  |c 1985 
300 |a 365 p:il 
650 7 |a TERMO - ELECTRICIDAD 
942 |c BK  |2 ddc 
991 |a TEXTO 
999 |c 11198